00971nam a2200265 a 4500001000900000005001700009008004100026020001500067040001800082041001300100050002000113100003200133245011700165260003300282300003000315504003000345600003200375650004700407650004600454651005100500700002900551942001100580999001300591952010100604BRCA_93820190320203219.0950306s1991 mx-a---##b---#000-0bspa-# a9683905099 aDLCcDLCdDLC aspahita 4aE111b.T38 19911 aTaviani, Paolo Emilio9310010aCristóbal Colónbdos polémicascPaolo Emilio Taviani ; coordinación y traducción de Giuliana Dal Piaz. aMéxicobNueva Imagenc1991 a117, xiii p.bil.c19 cm. aBibliografía: p. i-xiii14aColumbus, Christopher9310114aExploradoresxBiografíazAmérica9310214aExploradoresxBiografíazEspaña93103 4aAméricaxDescubrimiento y exploración95841 aDal Piaz, Giuliana93104 2lcccB c827d827 00104070aBRCAbBRCAd2008-06-26l0oE111 .T38 1991p01428r2019-03-22 00:00:00w2019-03-22yB